<?xml version="1.0" encoding="UTF-8"?><?xml-stylesheet type="text/xsl" href="static/style.xsl"?><OAI-PMH xmlns="http://www.openarchives.org/OAI/2.0/" xmlns:xsi="http://www.w3.org/2001/XMLSchema-instance" xsi:schemaLocation="http://www.openarchives.org/OAI/2.0/ http://www.openarchives.org/OAI/2.0/OAI-PMH.xsd"><responseDate>2026-04-14T02:51:37Z</responseDate><request verb="GetRecord" identifier="oai:www.recercat.cat:2445/176135" metadataPrefix="marc">https://recercat.cat/oai/request</request><GetRecord><record><header><identifier>oai:recercat.cat:2445/176135</identifier><datestamp>2025-12-05T13:05:10Z</datestamp><setSpec>com_2072_1057</setSpec><setSpec>col_2072_478798</setSpec><setSpec>col_2072_478916</setSpec><setSpec>col_2072_478917</setSpec></header><metadata><record xmlns="http://www.loc.gov/MARC21/slim" xmlns:dcterms="http://purl.org/dc/terms/" xmlns:xsi="http://www.w3.org/2001/XMLSchema-instance" xmlns:doc="http://www.lyncode.com/xoai" xsi:schemaLocation="http://www.loc.gov/MARC21/slim http://www.loc.gov/standards/marcxml/schema/MARC21slim.xsd">
   <leader>00925njm 22002777a 4500</leader>
   <datafield ind2=" " ind1=" " tag="042">
      <subfield code="a">dc</subfield>
   </datafield>
   <datafield ind2=" " ind1=" " tag="720">
      <subfield code="a">Labori, Maria</subfield>
      <subfield code="e">author</subfield>
   </datafield>
   <datafield ind2=" " ind1=" " tag="720">
      <subfield code="a">Hernández Ribas, Rosa</subfield>
      <subfield code="e">author</subfield>
   </datafield>
   <datafield ind2=" " ind1=" " tag="720">
      <subfield code="a">Porta Sales, J. (Josep)</subfield>
      <subfield code="e">author</subfield>
   </datafield>
   <datafield ind2=" " ind1=" " tag="260">
      <subfield code="c">2021-04-09T10:20:04Z</subfield>
   </datafield>
   <datafield ind2=" " ind1=" " tag="260">
      <subfield code="c">2021-04-09T10:20:04Z</subfield>
   </datafield>
   <datafield ind2=" " ind1=" " tag="260">
      <subfield code="c">2020-09-01</subfield>
   </datafield>
   <datafield ind2=" " ind1=" " tag="260">
      <subfield code="c">2021-04-09T10:20:05Z</subfield>
   </datafield>
   <datafield ind2=" " ind1=" " tag="520">
      <subfield code="a">Introducción: los opioides son ampliamente utilizados para el control del dolor oncológico y no oncológico. Existe mucha información sobre el uso inadecuado de opioides (UIO) en pacientes no oncológicos, sin embargo en pacientes oncológicos existe menos evidencia. Objetivos: identificar, analizar y sintetizar la evidencia disponible sobre la epidemiología, los factores de riesgo, instrumentos clínicos y evolución del UIO en pacientes con dolor oncológico. Material y métodos: revisión sistemática integradora de la literatura con extracción de datos y síntesis narrativa. Las fuentes utilizadas para buscar artículos publicados hasta el 31 de diciembre de 2017 fueron las bases de datos PubMed, Web of Science y PsychINFO. Se eligieron aquellos artículos que siguieran los siguientes criterios de inclusión: 1) publicados en lengua inglesa, española o francesa, y 2) que incluyesen información sobre la prevalencia o incidencia del UIO en pacientes con dolor oncológico, o/y 3) que aportasen información sobre factores de riesgo, mortalidad, duración del UIO y su remisión. Resultados: De la búsqueda surgieron 3520 artículos, de los cuales 40 cumplieron los criterios de inclusión. Se identificaron cuatro áreas temáticas: 1) epidemiología, 2) factores de riesgo, 3) opinión de pacientes y profesionales, y 4) políticas específicas. Los resultados obtenidos fueron muy heterogéneos, identificándose una prevalencia que oscila entre el 0 y el 26 % en el UIO y entre el 12 y el 85 % en las conductas aberrantes relacionadas con opioides. Se identificaron diferentes factores de riesgo de UIO, destacando la edad joven y la presencia de antecedentes psiquiátricos o de abuso de sustancias, y se describieron diferentes instrumentos dirigidos a la evaluación del riesgo o bien al diagnóstico del UIO. En cuanto a la opinión de los profesionales, parece haber un incremento de la sensibilización al respecto, pero las políticas de los centros en relación con esta problemática suelen ser casi inexistentes. Conclusiones: A pesar de que existe una mayor sensibilización de los profesionales acerca del UIO en pacientes oncológicos, la información de que disponemos es muy heterogénea y no nos permite extraer conclusiones claras. Por esta razón será necesaria la realización de nuevos estudios intentando homogeneizar criterios y establecer mejores protocolos y políticas de detección e intervención frente al UIO.</subfield>
   </datafield>
   <datafield tag="653" ind2=" " ind1=" ">
      <subfield code="a">Oncologia</subfield>
   </datafield>
   <datafield tag="653" ind2=" " ind1=" ">
      <subfield code="a">Opi</subfield>
   </datafield>
   <datafield tag="653" ind2=" " ind1=" ">
      <subfield code="a">Epidemiologia</subfield>
   </datafield>
   <datafield tag="653" ind2=" " ind1=" ">
      <subfield code="a">Oncology</subfield>
   </datafield>
   <datafield tag="653" ind2=" " ind1=" ">
      <subfield code="a">Opium</subfield>
   </datafield>
   <datafield tag="653" ind2=" " ind1=" ">
      <subfield code="a">Epidemiology</subfield>
   </datafield>
   <datafield ind2="0" ind1="0" tag="245">
      <subfield code="a">Uso inadecuado de opioides en pacientes con dolor oncológico: revisión sistemática integradora de la literatura</subfield>
   </datafield>
   <datafield ind2="0" ind1="0" tag="245">
      <subfield code="a">Opioid misuse in patients with cancer pain: an integrative systematic review of the literature</subfield>
   </datafield>
</record></metadata></record></GetRecord></OAI-PMH>